| 000 | 00492nam a2200169Ia 4500 | ||
|---|---|---|---|
| 999 |
_c35444 _d35444 |
||
| 003 | OSt | ||
| 005 | 20200624122836.0 | ||
| 008 | 190216s9999||||xx |||||||||||||| ||und|| | ||
| 040 | _coclc | ||
| 082 |
_a954.90420922 _bNAI/I |
||
| 100 |
_aNaim, C M _93183 |
||
| 245 | 0 |
_aIqbal, Jinnah And Pakistan / _cC M Naim |
|
| 260 |
_bJinnah Publishing House, _c1982. _aDelhi: |
||
| 300 | _a215p | ||
| 650 | _aHistory | ||
| 942 |
_cREF _2ddc _h954.90420922 _iNAI/I _k954.90420922 _mNAI/I |
||